000 00981nam a22002295a 4500
003 OSt
005 20170122130801.0
008 160922s2014 ua frb 000 0 ara d
015 _22014 / 5470
020 _a9789770475164
040 _aEG-ScBUE
_bara
_cEG-ScBUE
_dEG-ScBUE
082 0 4 _a345.02323
_bع ب د
_222
100 1 _aعبد الكريم، مصطفى.
245 1 2 _aالقوة الملزمة لاتفاقيه الأمم المتحدة لمكافحة الفساد ودورها في استرداد الأموال /
_cمصطفى عبد الكريم.
260 _aالقاهرة :
_bدار النهضة العربية،
_c2014.
300 _a408 ص. ؛
_c24 سم.
504 _aيشتمل على إرجاعات ببليوجرافية.
630 7 _940876
_aإتفاقية الأمم المتحدة لمكافحة الفساد
_d(2003)
650 0 _aمكافحة الفساد (قانون دولي)
_2BUEsh
_vمعاهدات.
653 _bLLAAWW
_cJanuary2017
942 _2ddc
999 _c23994
_d23966